Calculs d'intégrales (difficile) - Statistiques

Statistiques générales
  • Ce quiz a été pris 46 fois
  • Le résultat moyen est 2 sur 20
Statistiques - réponses
Hint Réponse % Correct
26%
26%
21%
18%
18%
15%
13%
13%
10%
10%
10%
10%
10%
8%
8%
8%
8%
5%
5%
5%
Aucun quiz correspondant
Distribution des résultats
% des personnes avec chaque résultat
Percentile par nombre de réponses
Votre historique - résultats
Vous n’avez pas pris ce quiz